European Countries containing 2 letters - Random - Statistics

General Stats
  • This quiz has been taken 53 times
  • The average score is 5 of 10
Answer Stats
Letters Country % Correct
A, I Albania / Austria / Bosnia and Herzegovina / Bulgaria / Croatia / Estonia / Finland / Iceland +15
100%
B, L Albania / Belarus / Belgium / Bulgaria / Czech Republic / Luxembourg
100%
B, N Albania / Bosnia and Herzegovina
100%
I, N Albania / Bosnia and Herzegovina / Estonia / Finland / Iceland / Ireland / Liechtenstein / Lithuania +9
100%
L, N Albania / Finland / Iceland / Ireland / Liechtenstein / Lithuania / Netherlands / Poland / Slovenia +1
100%
O, R Andorra / Bosnia and Herzegovina / Croatia / Luxembourg / Montenegro / North Macedonia +4
100%
N, R Andorra / Bosnia and Herzegovina / Denmark / France / Germany / Hungary / Ireland / Montenegro +7
100%
D, R Andorra / Bosnia and Herzegovina / Denmark / Ireland / Netherlands / North Macedonia / Switzerland
100%
N, O Andorra / Bosnia and Herzegovina / Estonia / Monaco / Montenegro / North Macedonia / Norway +5
100%
A, S Austria / Belarus / Bosnia and Herzegovina / Estonia / Netherlands / Russia / San Marino / Serbia +4
100%
R, S Austria / Belarus / Bosnia and Herzegovina / Netherlands / Russia / San Marino / Serbia / Switzerland
100%
I, R Austria / Bosnia and Herzegovina / Bulgaria / Croatia / Czech Republic / Ireland / North Macedonia +6
100%
I, S Austria / Bosnia and Herzegovina / Estonia / Liechtenstein / Russia / San Marino / Serbia +4
100%
R, U Austria / Bulgaria / Czech Republic / Hungary / Luxembourg / Portugal / Russia / Ukraine
100%
A, U Austria / Bulgaria / Hungary / Lithuania / Portugal / Russia / Ukraine
100%
I, T Austria / Croatia / Estonia / Italy / Latvia / Liechtenstein / Lithuania / North Macedonia / Switzerland +2
100%
R, T Austria / Croatia / Montenegro / Netherlands / North Macedonia / Portugal / Switzerland
100%
S, T Austria / Estonia / Liechtenstein / Netherlands / Switzerland
100%
B, E Belarus / Belgium / Bosnia and Herzegovina / Czech Republic / Luxembourg / Serbia
100%
E, R Belarus / Bosnia and Herzegovina / Denmark / France / Germany / Greece / Ireland / Luxembourg +5
100%
L, S Belarus / Liechtenstein / Netherlands / Slovakia / Slovenia / Switzerland
100%
B, G Belgium / Bosnia and Herzegovina / Bulgaria / Luxembourg
100%
L, U Belgium / Bulgaria / Czech Republic / Lithuania / Luxembourg / Portugal
100%
E, M Belgium / Denmark / Germany / Luxembourg / Montenegro / United Kingdom
100%
G, M Belgium / Germany / Luxembourg / Montenegro / United Kingdom
100%
R, V Bosnia and Herzegovina
100%
A, G Bosnia and Herzegovina / Bulgaria / Germany / Hungary / Portugal
100%
H, Z Bosnia and Herzegovina / Czech Republic
100%
H, R Bosnia and Herzegovina / Czech Republic / Hungary / Netherlands / North Macedonia
100%
E, Z Bosnia and Herzegovina / Czech Republic / Switzerland
100%
R, Z Bosnia and Herzegovina / Czech Republic / Switzerland
100%
D, E Bosnia and Herzegovina / Denmark / Iceland / Ireland / Netherlands / Sweden / Switzerland +1
100%
O, S Bosnia and Herzegovina / Estonia / Kosovo / San Marino / Slovakia / Slovenia
100%
H, N Bosnia and Herzegovina / Hungary / Liechtenstein / Lithuania / Netherlands / North Macedonia
100%
O, V Bosnia and Herzegovina / Kosovo / Moldova / Slovakia / Slovenia
100%
I, V Bosnia and Herzegovina / Latvia / Slovakia / Slovenia / Vatican City
100%
B, O Bosnia and Herzegovina / Luxembourg
100%
G, O Bosnia and Herzegovina / Luxembourg / Montenegro / Portugal / United Kingdom
100%
N, V Bosnia and Herzegovina / Slovenia / Vatican City
100%
D, Z Bosnia and Herzegovina / Switzerland
100%
C, R Croatia / Czech Republic / France / Greece / North Macedonia
100%
O, T Croatia / Estonia / Montenegro / North Macedonia / Portugal / United Kingdom
100%
A, C Croatia / France / Iceland / Monaco / North Macedonia / Vatican City
100%
C, O Croatia / Monaco / North Macedonia
100%
B, P Czech Republic
100%
C, Z Czech Republic
100%
A, M Denmark / Germany / Malta / Moldova / Monaco / North Macedonia / Romania / San Marino
100%
M, N Denmark / Germany / Monaco / Montenegro / North Macedonia / Romania / San Marino +1
100%
K, R Denmark / Ukraine
100%
D, K Denmark / United Kingdom
100%
N, T Estonia / Liechtenstein / Lithuania / Montenegro / Netherlands / North Macedonia / Switzerland +2
100%
D, F Finland
100%
F, I Finland
100%
F, L Finland
100%
E, F France
100%
F, R France
100%
M, Y Germany
100%
G, Y Germany / Hungary
100%
H, Y Hungary
100%
L, Y Italy
100%
L, T Italy / Latvia / Liechtenstein / Lithuania / Malta / Netherlands / Portugal / Switzerland
100%
K, O Kosovo / Slovakia / United Kingdom
100%
T, V Latvia / Vatican City
100%
E, X Luxembourg
100%
L, X Luxembourg
100%
M, X Luxembourg
100%
O, X Luxembourg
100%
R, X Luxembourg
100%
M, O Luxembourg / Moldova / Monaco / Montenegro / North Macedonia / Romania / San Marino +1
100%
L, O Luxembourg / Moldova / Poland / Portugal / Slovakia / Slovenia
100%
O, U Luxembourg / Portugal / United Kingdom
100%
M, V Moldova
100%
O, W Norway
100%
O, P Poland / Portugal
100%
A, P Poland / Portugal / Spain
100%
P, T Portugal
100%
K, U Ukraine / United Kingdom
100%
D, N Andorra / Bosnia and Herzegovina / Denmark / Finland / Iceland / Ireland / Netherlands +5
75%
E, H Bosnia and Herzegovina / Czech Republic / Liechtenstein / Netherlands
67%
C, E Czech Republic / France / Greece / Iceland / Liechtenstein
67%
P, R Czech Republic / Portugal
67%
D, M Denmark / Moldova / North Macedonia / United Kingdom
67%
K, N Denmark / Ukraine / United Kingdom
67%
K, M Denmark / United Kingdom
67%
E, T Estonia / Liechtenstein / Montenegro / Netherlands / Switzerland / United Kingdom
67%
T, Z Switzerland
67%
W, Z Switzerland
67%
B, R Belarus / Bosnia and Herzegovina / Bulgaria / Czech Republic / Luxembourg / Serbia
50%
A, E Belarus / Bosnia and Herzegovina / Denmark / Estonia / France / Germany / Iceland / Ireland +5
50%
G, I Belgium / Bosnia and Herzegovina / Bulgaria / United Kingdom
50%
B, M Belgium / Luxembourg
50%
I, M Belgium / North Macedonia / Romania / San Marino / United Kingdom
50%
B, V Bosnia and Herzegovina
50%
B, H Bosnia and Herzegovina / Czech Republic
50%
N, S Bosnia and Herzegovina / Estonia / Liechtenstein / Netherlands / San Marino / Slovenia / Spain +2
50%
D, I Bosnia and Herzegovina / Finland / Iceland / Ireland / North Macedonia / Switzerland +1
50%
H, S Bosnia and Herzegovina / Liechtenstein / Netherlands
50%
D, S Bosnia and Herzegovina / Netherlands / Sweden / Switzerland
50%
D, G Bosnia and Herzegovina / United Kingdom
50%
C, I Croatia / Czech Republic / Iceland / Liechtenstein / North Macedonia / Vatican City
50%
M, R Denmark / Germany / Luxembourg / Montenegro / North Macedonia / Romania / San Marino
50%
A, K Denmark / Slovakia / Ukraine
50%
E, K Denmark / Ukraine / United Kingdom
50%
D, L Finland / Iceland / Ireland / Moldova / Netherlands / Poland / Switzerland
50%
C, N France / Iceland / Liechtenstein / Monaco / North Macedonia / Vatican City
50%
N, Y Germany / Hungary / Norway / Vatican City
50%
I, Y Italy / Vatican City
50%
H, T Liechtenstein / Lithuania / Netherlands / North Macedonia
50%
U, X Luxembourg
50%
M, T Malta / Montenegro / North Macedonia / United Kingdom
50%
D, T Netherlands / North Macedonia / Switzerland / United Kingdom
50%
K, L Slovakia
50%
I, K Slovakia / Ukraine / United Kingdom
50%
I, W Switzerland
50%
G, K United Kingdom
50%
V, Y Vatican City
50%
D, O Andorra / Bosnia and Herzegovina / Moldova / North Macedonia / Poland / United Kingdom
33%
E, L Belarus / Belgium / Czech Republic / Iceland / Ireland / Liechtenstein / Luxembourg / Netherlands +2
33%
H, I Bosnia and Herzegovina / Czech Republic / Liechtenstein / Lithuania / North Macedonia
33%
S, V Bosnia and Herzegovina / Kosovo / Slovakia / Slovenia
33%
D, H Bosnia and Herzegovina / Netherlands / North Macedonia
33%
P, U Czech Republic / Portugal
33%
C, G Greece
33%
D, P Poland
33%
A, N Albania / Andorra / Bosnia and Herzegovina / Denmark / Estonia / Finland / France / Germany +15
0%
A, B Albania / Belarus / Bosnia and Herzegovina / Bulgaria / Serbia
0%
A, L Albania / Belarus / Bulgaria / Finland / Iceland / Ireland / Italy / Latvia / Lithuania / Malta / Moldova +6
0%
B, I Albania / Belgium / Bosnia and Herzegovina / Bulgaria / Czech Republic / Serbia
0%
I, L Albania / Belgium / Bulgaria / Czech Republic / Finland / Iceland / Ireland / Italy / Latvia +5
0%
A, R Andorra / Austria / Belarus / Bosnia and Herzegovina / Bulgaria / Croatia / Denmark / France +13
0%
A, O Andorra / Bosnia and Herzegovina / Croatia / Estonia / Moldova / Monaco / North Macedonia +7
0%
A, D Andorra / Bosnia and Herzegovina / Denmark / Finland / Iceland / Ireland / Moldova / Netherlands +3
0%
I, U Austria / Belgium / Bulgaria / Czech Republic / Lithuania / Russia / Ukraine / United Kingdom
0%
A, T Austria / Croatia / Estonia / Italy / Latvia / Lithuania / Malta / Netherlands / North Macedonia +3
0%
T, U Austria / Lithuania / Portugal / United Kingdom
0%
S, U Austria / Russia
0%
E, S Belarus / Bosnia and Herzegovina / Estonia / Liechtenstein / Netherlands / Serbia / Slovenia +2
0%
B, S Belarus / Bosnia and Herzegovina / Serbia
0%
L, R Belarus / Bulgaria / Czech Republic / Ireland / Luxembourg / Netherlands / Portugal / Switzerland
0%
E, I Belgium / Bosnia and Herzegovina / Czech Republic / Estonia / Iceland / Ireland / Liechtenstein +5
0%
E, G Belgium / Bosnia and Herzegovina / Germany / Greece / Luxembourg / Montenegro / United Kingdom
0%
B, U Belgium / Bulgaria / Czech Republic / Luxembourg
0%
G, U Belgium / Bulgaria / Hungary / Luxembourg / Portugal / United Kingdom
0%
G, L Belgium / Bulgaria / Luxembourg / Portugal
0%
E, U Belgium / Czech Republic / Luxembourg / Ukraine / United Kingdom
0%
L, M Belgium / Luxembourg / Malta / Moldova
0%
M, U Belgium / Luxembourg / United Kingdom
0%
B, D Bosnia and Herzegovina
0%
G, S Bosnia and Herzegovina
0%
G, V Bosnia and Herzegovina
0%
G, Z Bosnia and Herzegovina
0%
H, V Bosnia and Herzegovina
0%
O, Z Bosnia and Herzegovina
0%
V, Z Bosnia and Herzegovina
0%
G, R Bosnia and Herzegovina / Bulgaria / Germany / Greece / Hungary / Luxembourg / Montenegro +1
0%
I, O Bosnia and Herzegovina / Croatia / Estonia / North Macedonia / Romania / San Marino / Slovakia +2
0%
B, Z Bosnia and Herzegovina / Czech Republic
0%
I, Z Bosnia and Herzegovina / Czech Republic / Switzerland
0%
E, N Bosnia and Herzegovina / Denmark / Estonia / France / Germany / Iceland / Ireland / Liechtenstein +7
0%
E, O Bosnia and Herzegovina / Estonia / Luxembourg / Montenegro / Slovenia / United Kingdom
0%
G, N Bosnia and Herzegovina / Germany / Hungary / Montenegro / United Kingdom
0%
G, H Bosnia and Herzegovina / Hungary
0%
A, H Bosnia and Herzegovina / Hungary / Lithuania / Netherlands / North Macedonia
0%
A, V Bosnia and Herzegovina / Latvia / Moldova / Slovakia / Slovenia / Vatican City
0%
D, V Bosnia and Herzegovina / Moldova
0%
H, O Bosnia and Herzegovina / North Macedonia
0%
E, V Bosnia and Herzegovina / Slovenia
0%
A, Z Bosnia and Herzegovina / Switzerland
0%
N, Z Bosnia and Herzegovina / Switzerland
0%
S, Z Bosnia and Herzegovina / Switzerland
0%
C, T Croatia / Liechtenstein / North Macedonia / Vatican City
0%
B, C Czech Republic
0%
C, P Czech Republic
0%
C, U Czech Republic
0%
E, P Czech Republic
0%
H, P Czech Republic
0%
P, Z Czech Republic
0%
U, Z Czech Republic
0%
H, U Czech Republic / Hungary / Lithuania
0%
C, L Czech Republic / Iceland / Liechtenstein
0%
H, L Czech Republic / Liechtenstein / Lithuania / Netherlands
0%
C, H Czech Republic / Liechtenstein / North Macedonia
0%
L, P Czech Republic / Poland / Portugal
0%
I, P Czech Republic / Spain
0%
L, Z Czech Republic / Switzerland
0%
A, F Finland / France
0%
F, N Finland / France
0%
C, F France
0%
E, Y Germany
0%
A, Y Germany / Hungary / Italy / Norway / Vatican City
0%
R, Y Germany / Hungary / Norway
0%
U, Y Hungary
0%
N, U Hungary / Lithuania / Ukraine / United Kingdom
0%
C, D Iceland / North Macedonia
0%
T, Y Italy / Vatican City
0%
K, S Kosovo / Slovakia
0%
K, V Kosovo / Slovakia
0%
L, V Latvia / Moldova / Slovakia / Slovenia
0%
C, S Liechtenstein
0%
B, X Luxembourg
0%
G, X Luxembourg
0%
C, M Monaco / North Macedonia
0%
G, T Montenegro / Portugal / United Kingdom
0%
H, M North Macedonia
0%
O, Y Norway
0%
W, Y Norway
0%
N, W Norway / Sweden / Switzerland
0%
A, W Norway / Switzerland
0%
R, W Norway / Switzerland
0%
N, P Poland / Spain
0%
G, P Portugal
0%
M, S San Marino
0%
P, S Spain
0%
D, W Sweden / Switzerland
0%
E, W Sweden / Switzerland
0%
S, W Sweden / Switzerland
0%
L, W Switzerland
0%
T, W Switzerland
0%
D, U United Kingdom
0%
K, T United Kingdom
0%
C, V Vatican City
0%
C, Y Vatican City
0%
No matching quizzes found
Score Distribution
Percent of People with Each Score
Percentile by Number Answered
Your Score History
You have not taken this quiz